|
|
|
|
| LEADER |
02128nam a2200469 i 4500 |
| 001 |
EBC1348542 |
| 003 |
MiAaPQ |
| 005 |
20200903223051.0 |
| 006 |
m o d | |
| 007 |
cr cnu|||||||| |
| 008 |
140618t20092009gw o 001 0 ger d |
| 020 |
|
|
|z 9783486591538
|
| 020 |
|
|
|a 9783486702767 (e-book)
|
| 035 |
|
|
|a (MiAaPQ)EBC1348542
|
| 035 |
|
|
|a (Au-PeEL)EBL1348542
|
| 035 |
|
|
|a (CaPaEBR)ebr10880128
|
| 035 |
|
|
|a (CaONFJC)MIL610575
|
| 035 |
|
|
|a (OCoLC)879550718
|
| 040 |
|
|
|a MiAaPQ
|b eng
|e rda
|e pn
|c MiAaPQ
|d MiAaPQ
|
| 043 |
|
|
|a e-ur---
|a d------
|
| 050 |
|
4 |
|a DK266.45
|b .S695 2009
|
| 082 |
0 |
|
|a 327.47
|2 23
|
| 245 |
0 |
4 |
|a Die Sowjetunion und die Dritte Welt :
|b UdSSR, Staatssozialismus und die Antikolonialismus im Kalten Krieg 1945-1991 /
|c herausgegeben von Andreas Hilger.
|
| 264 |
|
1 |
|a Munich, Germany :
|b R. Oldenbourg Verlag,
|c 2009.
|
| 264 |
|
4 |
|c 2009
|
| 300 |
|
|
|a 1 online resource (283 pages).
|
| 336 |
|
|
|a text
|2 rdacontent
|
| 337 |
|
|
|a computer
|2 rdamedia
|
| 338 |
|
|
|a online resource
|2 rdacarrier
|
| 490 |
1 |
|
|a Schriftenreihe der Vierteljahrshefte fur Zeitgeschichte,
|x 0506-9408 ;
|v Band 99
|
| 500 |
|
|
|a Includes index.
|
| 588 |
|
|
|a Description based on print version record.
|
| 590 |
|
|
|a Electronic reproduction. Ann Arbor, MI : ProQuest, 2016. Available via World Wide Web. Access may be limited to ProQuest affiliated libraries.
|
| 650 |
|
0 |
|a Cold War.
|
| 651 |
|
0 |
|a Soviet Union
|x Foreign relations
|z Developing countries.
|
| 651 |
|
0 |
|a Developing countries
|x Foreign relations
|z Soviet Union.
|
| 655 |
|
4 |
|a Electronic books.
|
| 700 |
1 |
|
|a Hilger, Andreas,
|e editor.
|
| 776 |
0 |
8 |
|i Print version:
|t Sowjetunion und die Dritte Welt : UdSSR, Staatssozialismus und die Antikolonialismus im Kalten Krieg 1945-1991.
|d Munich, Germany : R. Oldenbourg Verlag, c2009
|h 293 pages
|k Schriftenreihe der Vierteljahrshefte fur Zeitgeschichte ; Band 99.
|z 9783486591538
|w 2009523705
|
| 797 |
2 |
|
|a ProQuest (Firm)
|
| 830 |
|
0 |
|a Schriftenreihe der Vierteljahrshefte fur Zeitgeschichte ;
|v Band 99.
|
| 856 |
4 |
0 |
|u https://ebookcentral.proquest.com/lib/matrademy/detail.action?docID=1348542
|z Click to View
|